Kraje kończące sie na spółgłoske - Statystyki

Ogólne statystyki
  • Ten quiz został rozwiązany 654 razy
    627 od ostatniego zresetowania
  • Średni wynik to 35 z 48
Statystyki odpowiedzi
Kontynent Odpowiedź % Poprawnych
Afryka Egipt
86%
Azja Turkmenistan
84%
Ameryka Północna Meksyk
83%
Azja Afganistan
82%
Europa Liechtenstein
82%
Europa Luksemburg
82%
Azja Tadżykistan
82%
Azja Kazachstan
81%
Azja Pakistan
81%
Azja Iran
80%
Azja Kirgistan
80%
Azja Irak
79%
Azja Izrael
79%
Azja Oman
79%
Ameryka Południowa Urugwaj
79%
Azja Uzbekistan
79%
Europa Watykan
79%
Azja Jemen
78%
Europa Białoruś
77%
Afryka Czad
77%
Azja Azerbejdżan
76%
Afryka Niger
76%
Ameryka Południowa Paragwaj
76%
Ameryka Południowa Ekwador
75%
Azja Katar
73%
Azja Liban
73%
Azja Wietnam
73%
Azja Bhutan
72%
Azja Laos
71%
Azja Nepal
71%
Azja Cypr
70%
Ameryka Południowa Surinam
70%
Afryka Gabon
69%
Azja Kuwejt
69%
Afryka Sudan
69%
Ameryka Północna Honduras
67%
Afryka Madagaskar
67%
Ameryka Północna Salwador
67%
Azja Bahrajn
66%
Afryka Benin
65%
Afryka Mauritius
65%
Azja Bangladesz
64%
Afryka Kamerun
61%
Afryka Mozambik
61%
Afryka Senegal
60%
Ameryka Północna Saint Kitts i Nevis
59%
Ameryka Północna Barbados
58%
Azja Singapur
53%
Nie znaleziono quizów pasujących do podanych kryteriów
Rozkład punktacji
Procent ludzi z każdym wynikiem
Percentyl według liczby udzielonych odpowiedzi
Twoja historia wyników
Nie rozwiązałeś tego quizu od ostatniego zresetowania